Campeonato Paranaense 2021 - Times participantes - Statistics

Estatísticas Gerais
  • Esse quiz foi jogado 93 vezes
  • A pontuação média é 11 de 12
Estatísticas das Respostas
Cidade Equipe % Correto
Curitiba Athletico
100%
Curitiba Coritiba
100%
Londrina Londrina
100%
Cascavel Cascavel CR
99%
Cascavel FC Cascavel
99%
Curitiba Paraná
99%
Cianorte Cianorte
97%
Maringá Maringá
97%
Toledo Toledo
96%
Ponta Grossa Operário
93%
Paranaguá Rio Branco
61%
Pato Branco Azuriz
58%
Nenhum quiz correspondente encontrado
Distribuição das Pontuações
Porcentagem de Pessoas com Cada Pontuação
Percentil de Números Respondidos
Sua Pontuação Histórica
Você não jogou esse quiz